លីមីតនិងភាពជាប់នៃអនុគមន៏ ថ្នាក់ទី១២ : (Record no. 6560)
[ view plain ]
| 000 -LEADER | |
|---|---|
| fixed length control field | 01779nam a22002177a 4500 |
| 001 - CONTROL NUMBER | |
| control field | 6560 |
| 003 - CONTROL NUMBER IDENTIFIER | |
| control field | FISKH |
| 005 - DATE AND TIME OF LATEST TRANSACTION | |
| control field | 20250509151400.0 |
| 008 - FIXED-LENGTH DATA ELEMENTS--GENERAL INFORMATION | |
| fixed length control field | 250509b cb ||||| |||| 00| 0 eng d |
| 040 ## - CATALOGING SOURCE | |
| Original cataloging agency | FISKH |
| Language of cataloging | khr |
| Transcribing agency | FISKH |
| Modifying agency | FISKH |
| 082 ## - DEWEY DECIMAL CLASSIFICATION NUMBER | |
| Classification number | 510 |
| 100 ## - MAIN ENTRY--PERSONAL NAME | |
| Personal name | Sovan, Meas |
| 245 ## - TITLE STATEMENT | |
| Title | លីមីតនិងភាពជាប់នៃអនុគមន៏ ថ្នាក់ទី១២ : |
| Remainder of title | កម្រងលំហាត់គំរូ និងស្រាវជ្រាវរូបមន្ត និងគន្លឺះទ្រឺស្តីសំខាន់ៗ / |
| Statement of responsibility, etc. | រៀបរៀងនិងចងក្រងដោយ មាស សុវណ្ណ និង អយ សុីណា |
| 260 ## - PUBLICATION, DISTRIBUTION, ETC. | |
| Place of publication, distribution, etc. | ភ្នំពេញ : |
| Name of publisher, distributor, etc. | បណ្ណាគារ តាព្រហ្ម , |
| Date of publication, distribution, etc. | ២០១៧ . |
| 300 ## - PHYSICAL DESCRIPTION | |
| Extent | 319 pages : |
| Other physical details | illustrations ; |
| Dimensions | 20 cm . |
| 520 ## - SUMMARY, ETC. | |
| Summary, etc. | សៀវភៅនេះផ្តល់ការណែនាំលម្អិតអំពីមេរៀនលីមីត និងភាពជាប់នៃអនុគមន៍ សម្រាប់សិស្សថ្នាក់ទី១២។ វាប្រមូលផ្តុំមេរៀនសង្ខេប និងលំហាត់គំរូដែលអាចជួយសិស្សក្នុងការសិក្សា និងត្រៀមប្រឡងបានយ៉ាងមានប្រសិទ្ធភាព។ |
| 520 ## - SUMMARY, ETC. | |
| Summary, etc. | This book provides detailed guidance on the lessons of limits and continuity of functions for Grade 12 students. It includes summarized lessons and sample exercises that can effectively help students study and prepare for exams.<br/><br/><br/><br/><br/> |
| 700 ## - ADDED ENTRY--PERSONAL NAME | |
| Personal name | Samphors , Chrin |
| Relator term | Illustrator |
| 942 ## - ADDED ENTRY ELEMENTS (KOHA) | |
| Source of classification or shelving scheme | Dewey Decimal Classification |
| Koha item type | Khmer Books |
| Suppress in OPAC | No |
| Withdrawn status | Lost status | Source of classification or shelving scheme | Damaged status | Not for loan | Collection | Home library | Current library | Shelving location | Date acquired | Total Checkouts | Full call number | Barcode | Date last seen | Price effective from | Koha item type |
|---|---|---|---|---|---|---|---|---|---|---|---|---|---|---|---|
| Dewey Decimal Classification | Khmer Language Books / សៀវភៅភាសាខ្មែរ | Footprints International School Library Network Toul Tom Poung Campus | Footprints International School Library Network Toul Tom Poung Campus | TTP Secondary Khmer Bookshelves | 05/09/2025 | SOV 510 | 2025-1247 | 05/09/2025 | 05/09/2025 | Books |
